000 00915cam a2200253 a 4500
001 3493
005 20250612093446.0
020 _a0689833008
040 _aDLC
_cDLC
_dDLC
_beng
050 0 0 _aPZ7.H778125
_b2003
082 0 0 _a796.357
100 1 _aHopkinson, Deborah
245 1 0 _aGirl wonder :
_ba baseball story in nine innings /
_cby Deborah Hopkinson ; with pictures by Terry Widener
260 _aNew York :
_bScholastic ,
_c2003
300 _a38 unnumbered pages :
_bcol. ill. ;
_c29 cm.
505 _aN
520 _aIn the early 1900s, Alta Weiss, a young woman who knows from an early age that she loves baseball, finds a way to show that she can play, even though she is a girl.
521 _a570
_bLexile
521 _aN
_bRaz-Plus
650 1 _aBaseball
_vFiction
700 1 _aWidener, Terry
_eillustrator
906 _a7
_bcbc
_corignew
_d1
_eocip
_f19
_gy-gencatlg
942 _2ddc
_cBK
_n0
999 _c3493
_d3493